• 首页
  • 本馆介绍
  • 公告通知
  • 最新文献
  • 馆藏检索
  • 电子资源
  • 读者导购
  • 参考咨询
  • 我的图书馆
  • 登录
  • 详细信息显示
  • 放入我的书架
  • 预约/预借图书
  • 作者相关作品
  • 分类相关作品
  • 丛书相关作品
  • 出版社相关作品

书目信息

  • 表格格式
  • 工作单格式
  • 卡片格式
题名:
纪检监察机关办案谈话方略
    
 
作者: 丁伟 著
分册:  
出版信息: 北京   中国方正出版社  2020
页数: 325页
开本: 24cm
丛书名:
单 册:
中图分类: D262.6 , D630.9
科图分类:
主题词: 监察--工作--中国
电子资源:
ISBN: 978-7-5174-0770-6
000 00956nam0 2200241 450
001 012024000302
005 20251215155718.45
010    @a978-7-5174-0770-6@dCNY46.00
100    @a20240924d2020 em y0chiy50 ea
101 0  @achi
102    @aCN@b110000
105    @ay z 000yy
200 1  @a纪检监察机关办案谈话方略@Aji jian jian cha ji guan ban an tan hua fang lue@f丁伟著
210    @a北京@c中国方正出版社@d2020
215    @a325页@d24cm
330    @a本书从审查调查力量的构成配置开始讲起,再根据案件审查调查的流程,依次对线索收集、初核步骤、调查措施、调查策略、心理分析、谈话技巧、笔录制作等案件审查调查中的重点业务进行逐个梳理和解析,并结合典型案例进行实例教学,对案件审查调查中的重点内容和关键环节进行细致指导。
601 02 @a中国共产党@x纪律检查@x工作
606 0  @a监察@x工作@y中国
690    @aD262.6@v5
690    @aD630.9@v5
701  0 @a丁伟@Ading wei@f(1980.9-)@4著
801  0 @aCN@bAHXH@c20240924
905    @b214141463@dD262.6@e2081@f1
    
    纪检监察机关办案谈话方略/丁伟著.-北京:中国方正出版社,2020
    325页;24cm
    
    
    ISBN 978-7-5174-0770-6:CNY46.00
    本书从审查调查力量的构成配置开始讲起,再根据案件审查调查的流程,依次对线索收集、初核步骤、调查措施、调查策略、心理分析、谈话技巧、笔录制作等案件审查调查中的重点业务进行逐个梳理和解析,并结合典型案例进行实例教学,对案件审查调查中的重点内容和关键环节进行细致指导。
●
相关链接 在E读中查询图书 在五车中查询图书 在当当中查询图书 在豆瓣中查询图书


正题名:纪检监察机关办案谈话方略     索取号:D262.6/2081         预约/预借

序号 登录号 条形码 馆藏地/架位号 状态 备注
1 1414146   214141463   第一样本阅览室/ [索取号:D262.6/2081] 在馆    
2 1442021   214420214   第一借阅区/ [索取号:D262.6/2081] 在馆    
唐山师范学院图书馆 欢迎您!
大连网信软件有限公司© 版权所有